|
|
|
|
| LEADER |
00907nab a2200241 i 4500 |
| 001 |
misc65022 |
| 005 |
20240918120551.0 |
| 008 |
240220s1949 hu o 000 ger d |
| 040 |
|
|
|a SZTE Miscellanea Repozitórium
|b hun
|
| 041 |
|
|
|a ger
|
| 100 |
1 |
|
|a Tietze Andreas
|
| 245 |
1 |
0 |
|a Eleanor Frankle, Word formation in the Turkic languages. New York
|h [elektronikus dokumentum] :
|b Columbia Univ. Press, 1948. : Buchbesprechung /
|c Tietze Andreas
|
| 260 |
|
|
|a Nederlands Instituut voor het Nabije Oosten
|b Leiden
|c 1949
|
| 300 |
|
|
|a 195-196
|c 31 cm
|
| 300 |
|
|
|a [2] p.
|c 31 cm
|
| 490 |
0 |
|
|a Bibliotheca Orientalis
|
| 561 |
|
|
|a Németh Gyula hagyaték
|
| 591 |
|
|
|a NOA 6065
|
| 650 |
|
4 |
|a Bölcsészettudományok
|
| 650 |
|
4 |
|a Nyelvek és irodalom
|
| 695 |
|
|
|a Török nyelv - szótan - könyvismertetés
|
| 700 |
0 |
1 |
|a Frankle Eleanor
|
| 856 |
4 |
0 |
|u http://misc.bibl.u-szeged.hu/65022/1/6065_noa.pdf
|z Dokumentum-elérés
|